|
|
|
|
| LEADER |
00000nab a2200000 a 4500 |
| 001 |
vtls000750726 |
| 003 |
SK-MaSNL |
| 005 |
20260304105121.0 |
| 008 |
250429c2000 xo 0a slo |
| 015 |
|
|
|a SNBRB2001/03-08670
|
| 035 |
|
|
|a CLN000102524
|
| 035 |
|
|
|a urn:nbn:sk:snk-able1
|
| 035 |
|
|
|a (urnnbn)urn:nbn:sk:snk:ar-a039qi
|
| 035 |
|
|
|a (uuid)51813f7b-b6c6-4219-8647-9bec12f417fa
|
| 040 |
|
|
|a SNKBUCL
|b slo
|c SNKBUCL
|e AACR2
|
| 041 |
0 |
|
|a slo
|
| 044 |
|
|
|a xo
|c SK
|
| 080 |
|
|
|a 39-051
|2 1997
|
| 080 |
|
|
|a 929 Koma, Ján
|2 1997
|
| 100 |
1 |
|
|a Sopoliga, Miroslav,
|d 1946-
|4 aut
|9 233065
|
| 245 |
1 |
0 |
|a Dr. Ján Koma osemdesiatročný
|c Miroslav Sopoliga
|
| 300 |
|
|
|b Fotogr.
|
| 600 |
1 |
7 |
|a Koma, Ján,
|d 1920-2011
|2 snkbucl
|9 153164
|
| 655 |
|
7 |
|a články z novín a časopisov
|2 snkbucl
|9 267496
|
| 773 |
0 |
|
|t Slovenský národopis
|g Roč. 48, č. 3-4 (2000), s. 375-378
|x 1335-1303
|
| 850 |
|
|
|a Slovenská národná knižnica
|
| 852 |
|
|
|a Slovenská národná knižnica
|
| 954 |
|
|
|a odborná, vedecká literatúra pôvodná (slovenská)
|2 lita
|
| 958 |
|
|
|a article27
|
| 958 |
|
|
|a SK
|
| 958 |
|
|
|a BX
|
| 958 |
|
|
|a OND
|
| 958 |
|
|
|a EUIPO
|
| 992 |
|
|
|a RBX
|
| 999 |
|
|
|c 2854331
|d 2856261
|